[Event "AUT-chT2M 9899"]
[Site "Austria"]
[Date "1999.01.24"]
[Round "7"]
[White "Karner, Christoph"]
[Black "Brestan, Peter"]
[Result "1-0"]
[WhiteElo "2175"]
[BlackElo "2021"]

1.d4 Nf6 2.c4 g6 3.Nc3 Bg7 4.e4 O-O 5.Nf3 d6 6.Be2 e5 7.O-O Nc6 8.d5 Ne7
9.Ne1 Kh8 10.Be3 Nfg8 11.Nd3 f5 12.f3 Bh6 13.Bxh6 Nxh6 14.b4 Nf7 15.Kh1 c6
16.Qd2 cxd5 17.cxd5 Bd7 18.a4 Qb6 19.a5 Qd4 20.b5 Rac8 21.Rfc1 Rc4 22.Rc2 Bxb5
23.Rac1 a6 24.Qe1 Rfc8 25.Nf4 exf4 26.Bxc4 Rxc4 27.Ne2 Qc5 28.Rxc4 Bxc4 29.Nxf4 Ne5
30.Ne6 Qa3 31.Ra1 Qd3 32.h3 Bb5 33.Rc1 Nc4 34.Qh4 Ng8 35.exf5 Qxf5 36.Rxc4 Bxc4
37.Qxc4 Qe5 38.Qc7 Qa1+ 39.Kh2 g5 40.Qxd6 Qf6 41.Qc7 h6 42.Qxb7 Qe5+ 43.f4 gxf4
44.Qc7 Qxc7 45.Nxc7 Nf6 46.d6 Kg7 47.Nxa6 Nd7 48.Nc7 Kf6 49.a6 Ke5 50.a7 Nb6
51.a8=Q Nxa8 52.Nxa8 Kxd6 53.Kg1  1-0

[Event "Nova Gorica op"]
[Site "Nova Gorica"]
[Date "1999.01.28"]
[Round "1"]
[White "Kozul, Zdenko"]
[Black "Srebrnic, Ana"]
[Result "1-0"]
[WhiteElo "2585"]
[BlackElo "2118"]

1.d4 d6 2.Nf3 Nf6 3.c4 g6 4.Nc3 Bg7 5.e4 O-O 6.Be2 e5 7.O-O Nc6 8.d5 Ne7
9.Ne1 Ne8 10.Nd3 f5 11.Bd2 Nf6 12.f3 f4 13.c5 g5 14.cxd6 cxd6 15.Nf2 Ng6
16.Qc2 Rf7 17.Rfc1 Bf8 18.Nb5 Ne8 19.a4 h5 20.h3 Nh4 21.Ra3 a6 22.Rc3 Bd7
23.Na3 Rg7 24.Qd1 Rb8 25.Be1 Qf6 26.Nc4 b5 27.axb5 axb5 28.Na5 Qg6 29.Nc6 Ra8
30.Ra3 Rxa3 31.bxa3 Nf6 32.Nb8 Be8 33.Rc8 Qf7 34.Nc6 Qb7 35.Rb8 Qa6 36.Bb4 Rb7
37.Rc8 Rd7 38.Qc2 Kh7 39.Nb8 Qa7 40.Nxd7  1-0

[Event "Ubeda op"]
[Site "Ubeda"]
[Date "1999.01.28"]
[Round "9"]
[White "Sorokin, Maxim"]
[Black "Garcia Martinez, Silvino"]
[Result "1/2-1/2"]
[WhiteElo "2570"]
[BlackElo "2420"]

1.Nf3 Nf6 2.c4 g6 3.Nc3 Bg7 4.e4 d6 5.d4 O-O 6.Be2 e5 7.O-O Nc6 8.d5 Ne7
9.b4 a5 10.Ba3 axb4 11.Bxb4 Nd7 12.a4 Bh6 13.Nd2 f5 14.Bd3 Rf7 15.Ra3 Nf6
16.c5 dxc5 17.Bxc5 b6 18.Bxe7 Qxe7 19.Ra2 Qb4  1/2-1/2

[Event "BL2-S9899"]
[Site "Germany"]
[Date "1999.01.31"]
[Round "5.2"]
[White "Trachtmann, Mark"]
[Black "Lenz, Thomas"]
[Result "1/2-1/2"]
[WhiteElo "2290"]
[BlackElo "2290"]

1.d4 Nf6 2.c4 g6 3.Nc3 Bg7 4.e4 d6 5.Be2 O-O 6.Nf3 e5 7.O-O Nc6 8.d5 Ne7
9.Ne1 Nd7 10.f3 f5 11.g4 Nf6 12.Nd3 Kh8 13.h4 c6 14.Nf2 a6 15.a3 b5 16.b3 Qb6
17.Kg2 Qd4 18.Bd2 bxc4 19.bxc4 cxd5 20.Qc1 fxe4 21.fxe4 Nxg4 22.Nxg4 Rxf1
23.Bxf1 Qa7 24.Nf2 dxe4 25.Nfxe4 Qd7 26.Qe1 Bb7 27.Kh2 Nf5 28.Rb1 Rf8 29.Bg2 Nd4
30.Qg3 Qc7 31.Nd5 Qxc4 32.Nxd6 Qe2 33.Nxb7 Qxd2 34.Kh1 Nf5 35.Qe1 Qh6 36.Rb4 g5
37.Nc5 Nxh4 38.Bh3 Nf3 39.Qg3 Qd6 40.Ne6 Qxd5 41.Nxf8 Qd1+ 42.Kg2 Qe2+ 43.Qf2 Ne1+
44.Kg3 Qxf2+ 45.Kxf2 Nd3+ 46.Kf3 Nxb4 47.Nxh7 Kxh7 48.axb4 Kg6 49.Bf1 Kh5
50.Bxa6 g4+ 51.Ke4 g3 52.Bf1 Bf8  1/2-1/2

[Event "BL2-N9899"]
[Site "Germany"]
[Date "1999.01.31"]
[Round "5.6"]
[White "Hoerstmann, Rudi"]
[Black "Dimitrijeski, Boris"]
[Result "1-0"]
[WhiteElo "2225"]
[BlackElo "2190"]

1.d4 Nf6 2.c4 g6 3.Nc3 Bg7 4.e4 d6 5.Nf3 O-O 6.Be2 e5 7.O-O Nc6 8.d5 Ne7
9.Bg5 h6 10.Bxf6 Bxf6 11.b4 Kg7 12.c5 Ng8 13.cxd6 cxd6 14.a4 Bg5 15.Ra2 f5
16.Rc2 Bd7 17.Bb5 Rc8 18.Qe2 a6 19.Bxd7 Qxd7 20.a5 Rc7 21.Nxg5 hxg5 22.Rfc1 Rfc8
23.Na4 Rxc2 24.Rxc2 Rxc2 25.Qxc2 Ne7 26.Nb6 Qd8 27.f3 Kf6 28.h3 Kf7 29.Kf1 f4
30.Ke2 Ke8 31.Kd3 Ng8 32.b5 axb5 33.Qb3 Nf6 34.Qxb5+ Ke7 35.Nc4 Qc7 36.Nb6 Ne8
37.Qc4 Kd8 38.Kc3 Qxc4+ 39.Kxc4 Nc7 40.Kb4 Na6+ 41.Kb5 Nc7+ 42.Kc4 Ke7 43.Na4 Kd8
44.Nb2 Ke8 45.Nd3 Ke7 46.Nf2 Ke8 47.Ng4 Ke7 48.Kb4 Kd7 49.Nf6+ Ke7 50.Nh7 Kf7
51.Nxg5+ Kf6 52.h4 Ke7 53.Nh3 Kf6 54.Ng1 Ke7 55.Ne2 Kd7 56.g4 fxg3 57.Nxg3 Na6+
58.Kc4 Kc7 59.Ne2 Nc5 60.Nc1 Nd7 61.Nd3 Nf6 62.Kc3 Kb8 63.Kc4 Kc7 64.Nf2 Nh5
65.Nh3 Ng3 66.Ng5 Ne2 67.Ne6+ Kb8 68.Kd3 Nc1+ 69.Kc2 Ne2 70.Kd2 Ng3 71.Nf8 Ka7
72.Nxg6 Ka6 73.Ne7 Kb5 74.Nf5 Nh5 75.Nxd6+ Kxa5 76.Nxb7+ Kb6 77.Nd6 Kc5 78.Nf7 Kd4
79.d6 Kc5 80.d7  1-0

[Event "BL2-S9899"]
[Site "Germany"]
[Date "1999.01.31"]
[Round "5.4"]
[White "Koch, Wolfgang Max"]
[Black "Gross, David"]
[Result "1/2-1/2"]
[WhiteElo "2315"]
[BlackElo "2399"]

1.d4 Nf6 2.Nf3 g6 3.c4 Bg7 4.Nc3 O-O 5.e4 d6 6.Be2 e5 7.O-O Nc6 8.d5 Ne7
9.b4 Kh8 10.a4 Neg8 11.Ba3 Nh5 12.Re1 Nf4 13.Bf1 f5 14.Ra2 Nf6 15.Bc1 fxe4
16.Nxe4 Nxe4 17.Rxe4 Bf5 18.Re1 Bg4 19.Ra3 Qf6 20.Bxf4 Qxf4 21.Qd2 e4 22.Qxf4 Rxf4
23.Ng5 Bd4 24.Rxe4 Bxf2+ 25.Kh1 Raf8 26.Rxf4 Rxf4 27.Nh3 Bxh3 28.Rxh3 Be1
29.Rf3 Rd4 30.b5 Rd1 31.Be2 Rc1 32.Rf1 Kg7 33.g3 Bd2 34.Kg2 Rc2 35.Bd3 Rc3
36.Be2 Ra3 37.Bd1 h5 38.Rf3 Ra1 39.Rf1 Bc3 40.Bb3 Ra3 41.Bd1 Bd4 42.Re1 Be3
43.Rf1 Ra2+ 44.Kh1 Kh6 45.Rf3 Bd4 46.Rd3 Be5 47.h4 Kg7 48.Bb3 Re2 49.Kg1 Kh6
50.Kf1 Re4 51.Kf2 Rg4 52.Rf3 Kg7 53.Rd3 g5 54.hxg5 Kg6 55.Rf3 Kxg5 56.Rd3 Bd4+
57.Kf3 Kf5 58.Bc2 Ke5 59.Rd1 Bc3 60.Bd3 Rg7 61.Bc2 Rg4 62.Bd3 Rd4 63.Ke3 Rg4  1/2-1/2

[Event "BL2-O9899"]
[Site "Germany"]
[Date "1999.01.31"]
[Round "5.3"]
[White "Orsag, Milan"]
[Black "Pribyl, Martin"]
[Result "0-1"]
[WhiteElo "2405"]
[BlackElo "2355"]

1.Nf3 Nf6 2.c4 g6 3.Nc3 Bg7 4.e4 d6 5.d4 O-O 6.Be2 e5 7.O-O Nc6 8.d5 Ne7
9.Nd2 Nd7 10.b4 f5 11.Qc2 Bh6 12.Nb3 Bxc1 13.Raxc1 Nf6 14.c5 fxe4 15.Rfd1 Bf5
16.Qd2 Kh8 17.Qe3 Bg4 18.Rc2 Qd7 19.Bxg4 Qxg4 20.h3 Qh4 21.a3 g5 22.Nd2 Nf5
23.Qe1 Nd4 24.Rb2 g4 25.Ncxe4 gxh3 26.g3 Qh5 27.Kh1 Nxe4  0-1

[Event "RUS-Cup03 (Geller mem)"]
[Site "Moscow"]
[Date "1999.02.07"]
[Round "6"]
[White "Kiriakov, Petr"]
[Black "Ulko, Jaroslav"]
[Result "1-0"]
[WhiteElo "2564"]
[BlackElo "2397"]

1.d4 Nf6 2.c4 g6 3.Nc3 Bg7 4.e4 d6 5.Nf3 O-O 6.Be2 e5 7.O-O Nc6 8.d5 Ne7
9.Ne1 Nd7 10.Be3 f5 11.f3 f4 12.Bf2 g5 13.a4 h5 14.a5 Nf6 15.c5 Ng6 16.cxd6 cxd6
17.Nb5 g4 18.Nxa7 g3 19.Bb6 gxh2+ 20.Kxh2 Qe7 21.Nxc8 Raxc8 22.Rh1 Nd7 23.Bf2 Bf6
24.Kg1 Bh4 25.Bxh4 Nxh4 26.Bb5 Rfd8 27.Qe2 Nc5 28.Ra3 Qg5 29.Rc3 Na6 30.Qf2 Ng6
31.Qc2 Ne7 32.Bd7 Rxc3 33.Be6+ Kg7 34.Qxc3 Nc5 35.Bh3 Ng8 36.b4 Na6 37.Nd3 Qg3
38.b5 Nc5 39.Nxc5 dxc5 40.Qxe5+ Nf6 41.Qe7+  1-0

[Event "Yangon schev"]
[Site "Yangon"]
[Date "1999.02.07"]
[Round "8"]
[White "Sharavdorj, Dashzeveg"]
[Black "Al Modiahki, Mohamad"]
[Result "0-1"]
[WhiteElo "2431"]
[BlackElo "2530"]

1.d4 Nf6 2.c4 g6 3.Nc3 Bg7 4.e4 d6 5.Be2 O-O 6.Nf3 e5 7.O-O Nc6 8.d5 Ne7
9.Nd2 a5 10.a3 Bd7 11.b3 c6 12.Ra2 Qb8 13.Rc2 Rc8 14.Ndb1 b5 15.cxb5 cxb5
16.b4 axb4 17.axb4 Ra1 18.Bd3 Nh5 19.g3 Ra7 20.Bg5 f6 21.Be3 Rac7 22.f3 f5
23.Qd2 Rf8 24.Bg5 Bf6 25.Bh6 Bg7 26.Bg5 Nf6 27.Rfc1 fxe4 28.fxe4 h6 29.Bxf6 Bxf6
30.Qxh6 Qb6+ 31.Kh1 Qd4 32.Qd2 Qxb4 33.Nxb5 Rxc2 34.Qxb4 Rxc1+ 35.Kg2 Bg5
36.Nxd6 Bg4 37.Nc4 Bf3+ 38.Kf2 Bxe4+ 39.Ke2 Bf3+ 40.Kf2 Bxd5+ 41.Ke2 e4 42.Bxe4 Bxc4+
43.Bd3 Rc2+ 44.Kd1 Bxd3 45.Qb3+ Bc4  0-1

[Event "RUS-Cup03 (Geller mem)"]
[Site "Moscow"]
[Date "1999.02.08"]
[Round "7"]
[White "Fokin, Sergey"]
[Black "Solovjov, Sergey"]
[Result "0-1"]
[WhiteElo "2390"]
[BlackElo "2447"]

1.Nf3 Nf6 2.c4 d6 3.d4 g6 4.Nc3 Bg7 5.e4 O-O 6.Be2 e5 7.O-O Nc6 8.d5 Ne7
9.b4 a5 10.bxa5 c5 11.Nd2 Rxa5 12.Nb3 Ra6 13.a4 Nd7 14.a5 f5 15.f3 Kh8 16.Bd2 Ng8
17.Qc1 Ngf6 18.Qc2 Nh5 19.g3 Ndf6 20.Qd1 fxe4 21.fxe4 Bh3 22.Rf2 Ra8 23.Bf3 Qd7
24.Bg2 Bxg2 25.Rxg2 Rf7 26.Qe2 Raf8 27.Rf2 Qh3 28.Raf1 Kg8 29.Nc1 Ra8 30.Nb5 Qd7
31.Kg2 Raf8 32.Nd3 Ne8 33.Rxf7 Rxf7 34.Rxf7 Kxf7 35.Be3 Nc7 36.Nxc7 Qxc7
37.Qg4 Nf6 38.Qe6+ Kf8 39.Kf3 Ne8 40.Bg5 Qf7+ 41.Qxf7+ Kxf7 42.Bd8 Bh6 43.Ke2 Nf6
44.Bxf6 Kxf6 45.Kd1 Be3 46.Kc2 Kg5 47.h3 Kf6 48.Kb3 Ke7 49.Ka4 Kd7 50.Kb5 Kc7
51.Nb2 Bd2 52.Na4 Be1 53.g4 Bf2 54.a6 bxa6+ 55.Kxa6 Bd4 56.Ka7 Be3 57.Nb6 Bg5
58.Na8+ Kc8 59.Kb6 Kb8 60.Kc6 Kxa8 61.Kxd6 Kb7 62.Kxe5 Kc7 63.Ke6 Bf4 64.e5 Bg3
65.Kf6 Kd8 66.d6 Kd7 67.g5 Bh4 68.e6+ Kxd6 69.e7 Bxg5+ 70.Kxg5 Kxe7 71.Kh6 Kf6
72.Kxh7 g5 73.Kh6 Kf5 74.Kh5 Kf4 75.Kg6 g4  0-1

[Event "Budapest FS02 GM"]
[Site "Budapest"]
[Date "1999.02.09"]
[Round "4"]
[White "Lukacs, Peter"]
[Black "Toth, Andras"]
[Result "1/2-1/2"]
[WhiteElo "2467"]
[BlackElo "2301"]

1.d4 Nf6 2.c4 g6 3.Nc3 Bg7 4.e4 d6 5.Nf3 O-O 6.Be2 e5 7.O-O Nc6 8.d5 Ne7
9.Bg5 Nh5 10.Ne1 Nf4 11.Nd3 f5 12.Nxf4 exf4 13.Qd2 h6 14.Bxf4 g5 15.Be3 f4
16.Bd4 Ng6 17.f3 Bxd4+ 18.Qxd4 Ne5 19.c5 h5 20.cxd6 cxd6 21.Qd2 a6 22.a4 Bd7
23.a5 Rc8 24.Na4 Bxa4 25.Rxa4 Rc7 26.Ra3 Qf6 27.Rc3 Rg7 28.Kh1 g4 29.Bd1 Kh7
30.Qc1 Rff7  1/2-1/2

[Event "Goodricke 10th op"]
[Site "Calcutta"]
[Date "1999.02.09"]
[Round "4"]
[White "Sanjay, N."]
[Black "Chiong, Luiz"]
[Result "0-1"]
[WhiteElo "2265"]
[BlackElo "2390"]

1.Nf3 Nf6 2.c4 g6 3.Nc3 Bg7 4.e4 d6 5.d4 O-O 6.Be2 e5 7.O-O Nc6 8.d5 Ne7
9.b4 Kh8 10.c5 Ne8 11.Nd2 f5 12.a4 Ng8 13.Nc4 Ngf6 14.f3 f4 15.Ba3 g5 16.b5 b6
17.cxd6 cxd6 18.Bb4 Rg8 19.a5 Rb8 20.axb6 axb6 21.Na4 g4 22.Ncxb6 g3 23.h3 Rxb6
24.Ba5 Nxe4 25.Nxb6 Bxh3 26.gxh3 Qh4 27.Kg2 Nf2 28.Rh1 Nxd1 29.Raxd1 Qe7
30.Bd3 Qa7 31.Ra1 Nf6 32.Rhc1 Nxd5 33.Rc6 Nxb6 34.Rxb6 e4  0-1

[Event "Budapest FS02 GM"]
[Site "Budapest"]
[Date "1999.02.11"]
[Round "6"]
[White "Lukacs, Peter"]
[Black "Vajda, Levente"]
[Result "1/2-1/2"]
[WhiteElo "2467"]
[BlackElo "2484"]

1.d4 Nf6 2.c4 g6 3.Nc3 Bg7 4.e4 d6 5.Nf3 O-O 6.Be2 e5 7.O-O Nc6 8.d5 Ne7
9.Bd2 Nh5 10.g3 Nf6 11.Ne1 Bh3 12.Ng2 Qd7 13.b4 h5 14.Rc1 Ng4 15.f3 Nh6 16.c5 f5
17.cxd6 cxd6 18.Qa4 Qd8 19.Qa5 b6 20.Qa6 Rc8 21.Nb5 fxe4 22.fxe4 Rxf1+ 23.Bxf1 Rxc1
24.Bxc1 Ng4 25.Nxa7 Qf8 26.Qe2 Bh6 27.Bxh6 Qxh6 28.Nc6 Kf8 29.Qf3+ Ke8 30.Qe2 Kf8
31.Qe1 Ke8 32.Qc3 Ng8 33.Bb5 Kf7 34.a4 N8f6 35.Nh4 Kg7 36.Nf3 Nh7 37.Be2 Ngf6
38.Bd1 Bg4 39.Nd2 Ng5 40.h4 Bxd1 41.hxg5 Qxg5 42.a5 bxa5 43.bxa5 Ba4 44.Qc4  1/2-1/2

[Event "RUS-Cup03 (Geller mem)"]
[Site "Moscow"]
[Date "1999.02.11"]
[Round "2"]
[White "Iskusnyh, Sergei"]
[Black "Ulko, Jaroslav"]
[Result "0-1"]
[WhiteElo "2486"]
[BlackElo "2397"]

1.d4 Nf6 2.c4 g6 3.Nc3 Bg7 4.e4 d6 5.Be2 O-O 6.Nf3 e5 7.O-O Nc6 8.d5 Ne7
9.b4 a5 10.Ba3 Nh5 11.c5 Nf4 12.b5 b6 13.cxd6 cxd6 14.Nd2 f5 15.Nc4 Rf6 16.Nxe5 Rf8
17.Nc6 Nxc6 18.dxc6 Bxc3 19.Bc4+ Be6 20.Bxe6+ Nxe6 21.Qb3 Qf6 22.Rad1 fxe4
23.Rxd6 Rfe8 24.Qc4 Be5 25.Rd5 Kh8 26.Qxe4 Nc7 27.Rxe5 Rxe5 28.Qc2 Rxb5  0-1

[Event "Yangon schev"]
[Site "Yangon"]
[Date "1999.02.12"]
[Round "13"]
[White "Thein Dan Oo"]
[Black "Zaw Winlay"]
[Result "0-1"]
[WhiteElo "2539"]
[BlackElo "2565"]

1.d4 Nf6 2.c4 g6 3.Nc3 Bg7 4.e4 d6 5.Nf3 O-O 6.Be2 e5 7.O-O Nc6 8.d5 Ne7
9.Nd2 a5 10.a3 Bd7 11.Rb1 a4 12.b3 axb3 13.Nxb3 c5 14.dxc6 Bxc6 15.Qd3 Nh5
16.Rd1 Nf4 17.Qxd6 Qxd6 18.Rxd6 Nxe2+ 19.Nxe2 Bxe4 20.Ra1 Rfc8 21.Nd2 Bc6
22.Ra2 Nf5 23.Rd3 e4 24.Rb3 Rd8 25.Kf1 Bf8 26.Ke1 Bc5 27.Rb1 Nh4 28.g3 Nf5
29.Nf1 Ra4 30.Rd2 Re8  0-1

[Event "Goodricke 10th op"]
[Site "Calcutta"]
[Date "1999.02.13"]
[Round "8"]
[White "Ulibin, Mikhail"]
[Black "Dolmatov, Sergey"]
[Result "0-1"]
[WhiteElo "2550"]
[BlackElo "2585"]

1.d4 Nf6 2.c4 g6 3.Nc3 Bg7 4.e4 d6 5.Nf3 O-O 6.Be2 e5 7.O-O Nc6 8.d5 Ne7
9.Nd2 a5 10.a3 Nd7 11.Rb1 f5 12.b4 Kh8 13.Qc2 axb4 14.axb4 Nf6 15.f3 c6 16.Kh1 f4
17.Qb3 cxd5 18.cxd5 g5 19.Nc4 h5 20.Bd2 g4 21.Ra1 Rb8 22.Nb5 Ne8 23.Rfc1 Ng6
24.Bf1 Bf6 25.Na7 Bd7 26.b5 Bh4 27.Be1 Bxe1 28.Rxe1 Nh4 29.fxg4 hxg4 30.Nd2 Rf7
31.Re2 f3 32.Re3 fxg2+ 33.Bxg2 Ng7 34.Bf1 Qg5 35.Qd3 Rf2 36.Be2 Qh5 37.Nf1 Rbf8
38.Re1 Nf3  0-1

[Event "Budapest FS02 IM"]
[Site "Budapest"]
[Date "1999.02.14"]
[Round "9"]
[White "Szeberenyi, Adam"]
[Black "Zimmerman, Yuri"]
[Result "1-0"]
[WhiteElo "2287"]
[BlackElo "2374"]

1.d4 g6 2.c4 Bg7 3.Nc3 d6 4.e4 Nf6 5.Be2 O-O 6.Nf3 e5 7.O-O Nc6 8.d5 Ne7
9.b4 Nh5 10.Re1 Nf4 11.Bf1 a5 12.bxa5 Rxa5 13.Nd2 c5 14.a4 Ra6 15.Ra3 g5
16.g3 Nfg6 17.Nb3 h6 18.a5 Bd7 19.Na4 Nc8 20.Bd2 Nge7 21.Qc2 f5 22.Naxc5 dxc5
23.Nxc5 Ra7 24.Be3 f4 25.Nxd7 fxe3 26.Nxf8 exf2+ 27.Qxf2 Bxf8 28.Bh3 Nf5
29.Qxf5  1-0

[Event "RUS-Cup03 (Geller mem)"]
[Site "Moscow"]
[Date "1999.02.14"]
[Round "5"]
[White "Ulko, Jaroslav"]
[Black "Prokopchuk, Evgeny"]
[Result "1-0"]
[WhiteElo "2397"]
[BlackElo "2489"]

1.d4 Nf6 2.c4 g6 3.Nc3 Bg7 4.e4 d6 5.Nf3 O-O 6.Be2 e5 7.O-O Nc6 8.d5 Ne7
9.b4 Nh5 10.Re1 f5 11.Ng5 Nf6 12.Bf3 fxe4 13.Ncxe4 Nf5 14.Bb2 a5 15.a3 Nh4
16.Be2 axb4 17.axb4 Rxa1 18.Bxa1 h6 19.Nxf6+ Qxf6 20.Ne4 Qf4 21.Bf1 Bf5 22.f3 Bxe4
23.Rxe4 Qg5 24.Kh1 Nf5 25.Qe1 h5 26.Bc3 Bh6 27.Bd3 Kh7 28.g3 Ng7 29.Kg2 Rf7
30.h4 Qd8 31.Re2 Nf5 32.f4 Qd7 33.fxe5 dxe5 34.Rxe5 Bg7 35.Bxf5 gxf5 36.Re6 b5
37.Bxg7 Rxg7 38.Qe2 Qf7 39.c5  1-0

[Event "US Amateur Team East"]
[Site "Parsippany"]
[Date "1999.02.14"]
[Round "3"]
[White "Koepcke, Richard"]
[Black "Groberman, Elina"]
[Result "1/2-1/2"]
[WhiteElo "2275"]
[BlackElo "2103"]

1.d4 Nf6 2.c4 g6 3.Nc3 Bg7 4.e4 d6 5.Nf3 O-O 6.Be2 e5 7.O-O Nc6 8.d5 Ne7
9.Ne1 Nd7 10.Be3 f5 11.f3 f4 12.Bf2 g5 13.a4 a5 14.Nd3 b6 15.b4 axb4 16.Nxb4 Nf6
17.Ra2 h5 18.Nd3 g4 19.Kh1 Ng6 20.a5 bxa5 21.Qa1 h4 22.Be1 h3 23.gxh3 g3
24.hxg3 fxg3 25.Bxg3 Nh5 26.Rg1 Nh4 27.Qf1 Kh7 28.Be1 Bh6 29.Nb5 Be3 30.Bf2 Bh6
31.Be1 Be3 32.Bf2 Bh6 33.Be1  1/2-1/2

[Event "Budapest FS02 GM"]
[Site "Budapest"]
[Date "1999.02.15"]
[Round "10"]
[White "Lukacs, Peter"]
[Black "Miroshnichenko, Evgeny"]
[Result "1/2-1/2"]
[WhiteElo "2467"]
[BlackElo "2500"]

1.d4 Nf6 2.c4 g6 3.Nc3 Bg7 4.e4 O-O 5.Nf3 d6 6.Be2 e5 7.O-O Nc6 8.d5 Ne7
9.Bd2 Nd7 10.Rc1 a5 11.a3 f5 12.Ng5 Nc5 13.b4 axb4 14.axb4 Nxe4 15.Ncxe4 fxe4
16.Nxe4 Nf5 17.Bg5 Qe8 18.c5 h6 19.Bd2 Bd7 20.Bc3 Qe7 21.Bc4 Kh7 22.Re1 Nh4
23.Ra1 Rae8 24.f3 Rf4 25.Bd2 Rf7 26.Be3 Ref8 27.Rf1 Nf5 28.Bf2 h5 29.c6 Bc8
30.Ra7 b5 31.Bxb5 Nd4 32.Bd3 Bf5 33.Be3 Bxe4 34.Bxe4 h4 35.Qd3 Qf6 36.f4 Bh6
37.b5 Bxf4 38.Rxf4 exf4 39.Bxd4 Qg5 40.Qf3 Re8 41.b6 Rxe4 42.Qxe4 f3 43.Qc2 h3
44.Qf2 Qc1+ 45.Qf1 Qd2 46.gxf3 Qxd4+ 47.Qf2 Qd1+ 48.Qf1 Qd4+ 49.Qf2 Qd1+  1/2-1/2

[Event "Goodricke 10th op"]
[Site "Calcutta"]
[Date "1999.02.15"]
[Round "10"]
[White "Szuhanek, Ranko"]
[Black "Singh, Gurpreetpal"]
[Result "1/2-1/2"]
[WhiteElo "2395"]
[BlackElo "2310"]

1.Nf3 d6 2.d4 Nf6 3.c4 g6 4.Nc3 Bg7 5.e4 O-O 6.Be2 e5 7.O-O Nc6 8.d5 Ne7
9.b4 a5 10.Ba3 Nd7 11.Nd2 axb4 12.Bxb4 Nc5 13.Nb3 Na6 14.Ba3 b6  1/2-1/2

[Event "Bunratty Masters"]
[Site "Bunratty"]
[Date "1999.02.18"]
[Round "1"]
[White "O'Cinneide, Mel"]
[Black "Crichton, Martin"]
[Result "1-0"]
[WhiteElo "2281"]
[BlackElo "2030"]

1.Nf3 Nf6 2.c4 g6 3.Nc3 Bg7 4.e4 d6 5.d4 O-O 6.Be2 e5 7.O-O Nc6 8.d5 Ne7
9.b4 a5 10.Ba3 Nh5 11.Re1 f5 12.Nd2 Nf6 13.c5 axb4 14.Bxb4 fxe4 15.Ndxe4 Ne8
16.a3 Nf5 17.Bb5 dxc5 18.Nxc5 Ned6 19.Bf1 Kh8 20.Ra2 Nd4 21.Nd3 Rf5 22.Bc5 b6
23.Bxd6 cxd6 24.Ne4 Ba6 25.Nb4 Bxf1 26.Rxf1 Qh4 27.Ng3 Rf4 28.Nc6 Rc8 29.Rd2 Nxc6
30.dxc6 Rxc6 31.Rxd6 Rd4 32.Rxc6 Rxd1 33.Rxd1  1-0

[Event "Bunratty Masters"]
[Site "Bunratty"]
[Date "1999.02.18"]
[Round "2"]
[White "O'Connell, Gerard"]
[Black "O'Rourke, Ray"]
[Result "1-0"]
[WhiteElo "2201"]
[BlackElo "2052"]

1.d4 Nf6 2.c4 g6 3.Nc3 Bg7 4.e4 d6 5.Nf3 O-O 6.Be2 e5 7.O-O Nc6 8.d5 Ne7
9.b4 Nd7 10.c5 dxc5 11.bxc5 Nxc5 12.Ba3 b6 13.Bxc5 bxc5 14.Na4 f5 15.Nxc5 Qd6
16.Qc1 h6 17.Rb1 Kh8 18.Rd1 g5 19.Nd2 Ng6 20.Bf1 f4 21.Qa3 g4 22.Nc4 Qf6
23.d6 cxd6 24.Rxd6 Qg5 25.Ne6 Bxe6 26.Rxe6 h5 27.Nd6 f3 28.g3 Rf6 29.Rxf6 Qxf6
30.Nf5 Bf8 31.Qc3 Ne7 32.Nxe7 Qxe7 33.Qc6 Qe8 34.Qf6+ Bg7 35.Qf5 a5 36.h3 gxh3
37.Rb7 Rc8 38.Qg5 Bf8 39.Bxh3 Rb8 40.Qf6+  1-0

[Event "Bunratty Masters"]
[Site "Bunratty"]
[Date "1999.02.19"]
[Round "3"]
[White "Quinn, Mark"]
[Black "Moynihan, Kieran"]
[Result "1-0"]
[WhiteElo "2346"]
[BlackElo "2140"]

1.Nf3 Nf6 2.c4 g6 3.Nc3 Bg7 4.e4 d6 5.d4 O-O 6.Be2 e5 7.O-O Nc6 8.d5 Ne7
9.b4 h6 10.c5 Ne8 11.a4 f5 12.Nd2 Nf6 13.cxd6 cxd6 14.a5 f4 15.b5 Rf7 16.Nc4 Ne8
17.Ba3 Kh7 18.Rc1 Ng8 19.b6 a6 20.Bg4 Bxg4 21.Qxg4 Ngf6 22.Qe2 g5 23.f3 h5
24.Rc2 g4 25.Nd1 Bf8 26.Kh1 Qd7 27.Ndb2 Be7 28.Nd3 Rg7 29.Rfc1 gxf3 30.gxf3 Qh3
31.Qf1 Qd7 32.Bb2 h4 33.Bxe5 dxe5 34.Ncxe5 Qa4 35.Qe1 Nd6 36.Qxh4+ Kg8 37.Qxf4 Rf8
38.Rg2 Ng4 39.Qg3 Nxe4 40.fxe4 Nf2+ 41.Nxf2 Rxg3 42.Rxg3+  1-0

[Event "Bunratty Masters"]
[Site "Bunratty"]
[Date "1999.02.20"]
[Round "6"]
[White "O'Connell, Gerard"]
[Black "Delaney, Paul"]
[Result "1-0"]
[WhiteElo "2201"]
[BlackElo "2305"]

1.d4 Nf6 2.c4 g6 3.Nc3 Bg7 4.e4 d6 5.Nf3 O-O 6.Be2 e5 7.O-O Nc6 8.d5 Ne7
9.b4 c5 10.bxc5 dxc5 11.Ne1 Ne8 12.Be3 b6 13.a4 a5 14.Rb1 Ra7 15.Nd3 Nd6
16.Nxc5 bxc5 17.Bxc5 Rb7 18.Ba3 Rxb1 19.Qxb1 f5 20.c5 Nxe4 21.Nxe4 fxe4 22.Bc4 Kh8
23.c6 e3 24.f3 Re8 25.Qb5 Nf5 26.c7 Qd7 27.Qxd7 Bxd7 28.Bb5 Bxb5 29.axb5 Bf8
30.Bxf8 Rxf8 31.b6 Nd6 32.Rb1 Nb7 33.d6 Nxd6 34.b7 Nxb7 35.Rxb7 e2 36.Kf2  1-0

[Event "BL2-S9899"]
[Site "Germany"]
[Date "1999.02.21"]
[Round "6.6"]
[White "Bromberger, Stefan"]
[Black "Duschek, Volker"]
[Result "1-0"]
[WhiteElo "2288"]
[BlackElo "2265"]

1.Nf3 Nf6 2.c4 g6 3.Nc3 Bg7 4.e4 d6 5.d4 O-O 6.Be2 e5 7.O-O Nc6 8.d5 Ne7
9.b4 Ne8 10.c5 f5 11.Nd2 f4 12.Bg4 g5 13.a4 Ng6 14.Ba3 Bxg4 15.Qxg4 Rf7 16.a5 Bf8
17.a6 b6 18.Nb5 Be7 19.Rfc1 Nf6 20.Qe2 g4 21.cxb6 cxb6 22.Qd3 Bf8 23.Rc3 Rg7
24.Rac1 Ne8 25.Qc2 Nh4 26.Rc8 Rxc8 27.Qxc8 Qd7 28.Qxd7 Rxd7 29.Rc8 Kf7 30.Nc4 Ke7
31.Nxb6 axb6 32.a7 Rxa7 33.Nxa7 Kd7 34.Rb8 Be7 35.Nc6 Ng6 36.Rxb6 Bd8 37.Nxd8 Kxd8
38.b5  1-0

[Event "BL2-S9899"]
[Site "Germany"]
[Date "1999.02.21"]
[Round "6.2"]
[White "Trachtmann, Mark"]
[Black "Schmaltz, Roland"]
[Result "1/2-1/2"]
[WhiteElo "2290"]
[BlackElo "2502"]

1.d4 g6 2.c4 Bg7 3.Nc3 Nf6 4.e4 d6 5.Be2 O-O 6.Nf3 e5 7.O-O Nc6 8.d5 Ne7
9.Ne1 Nd7 10.f3 f5 11.g4 Kh8 12.Nd3 Ng8 13.Be3 Bh6 14.Bf2 Bg5 15.Kg2 Bh4
16.Bg1 Ndf6 17.c5 Nh6 18.cxd6 cxd6 19.Bf2 Bxf2 20.Nxf2 Nf7 21.Rc1 a6 22.h4 Bd7
23.Qd2 Rg8 24.Rh1 Qb6 25.Nfd1 Raf8 26.Ne3 fxg4 27.fxg4 g5 28.h5 Nh6 29.Rhf1 Ne8
30.Nf5 Bxf5 31.exf5 Nf6 32.Bf3 e4 33.Nxe4 Nxe4 34.Bxe4 Nxg4 35.Rce1 Nf6 36.h6 Rc8
37.Bf3 g4 38.Bd1 Rc4 39.Bb3 Qd4 40.Qxd4 Rxd4 41.Re6 Rf8 42.Rxd6 Rd2+ 43.Kg1 Ne4
44.Re6 Ng5 45.Bd1 Rxd5 46.Re3 Nf7 47.Bb3 Rd7 48.f6 Nxh6 49.Re7 Rd2 50.Rc1 Ng8
51.Bxg8 Kxg8 52.Rg7+ Kh8 53.Rcc7 Rxf6 54.Rxh7+ Kg8 55.Rcg7+ Kf8 56.Rxb7 Kg8
57.Rbg7+ Kf8 58.Rd7 Rxd7 59.Rxd7 Rc6 60.Rd2 Kf7 61.Kg2 Kf6 62.Kg3 Kf5 63.Rd5+ Ke4
64.Rg5 Kd3 65.Rxg4 Rb6 66.b3 a5 67.Ra4 Rb5 68.Kf2 Re5  1/2-1/2

[Event "BL2-S9899"]
[Site "Germany"]
[Date "1999.02.21"]
[Round "6.2"]
[White "Lenz, Thomas"]
[Black "Panzalovic, Srdjan"]
[Result "0-1"]
[WhiteElo "2290"]
[BlackElo "2435"]

1.d4 Nf6 2.c4 g6 3.Nc3 Bg7 4.e4 d6 5.Nf3 O-O 6.Be2 e5 7.O-O Nc6 8.d5 Ne7
9.Nd2 c5 10.a3 Ne8 11.b4 b6 12.Nb3 f5 13.f3 Kh8 14.Qc2 f4 15.g4 h5 16.h3 Bf6
17.Rf2 Bh4 18.Rh2 Ng8 19.Bb2 Nh6 20.bxc5 bxc5 21.Nd1 Nf7 22.Nf2 Bg3 23.Rg2 Qh4
24.Nd3 Ng5 25.Nxe5 dxe5 26.Bxe5+ Kg8 27.Nxc5 Bf2+ 28.Kf1 Bxc5  0-1

[Event "Zuglo Hotel op"]
[Site "Budapest"]
[Date "1999.02.22"]
[Round "4"]
[White "Gladyszev, Oleg"]
[Black "Juracsik, Jozsef"]
[Result "1/2-1/2"]
[WhiteElo "2388"]
[BlackElo "2210"]

1.d4 Nf6 2.c4 g6 3.Nc3 Bg7 4.e4 d6 5.Be2 O-O 6.Nf3 e5 7.O-O Nc6 8.d5 Ne7
9.Ne1 a5 10.a3 a4 11.Nd3 b6 12.f4 exf4 13.Bxf4 Nd7 14.Nxa4 f5 15.Nc3 Bxc3
16.bxc3 fxe4 17.Nb4 Nc5 18.g4 Rxf4 19.Rxf4 g5 20.Rf1 Bd7 21.Ra2 Ng6 22.Qd4 Nf4
23.Bd1 Qe7 24.Nc2 Ncd3 25.Ne3 Nc1 26.Rb2 Ncd3 27.Ra2 Nc1  1/2-1/2

[Event "AUT-chT2M 9899"]
[Site "Austria"]
[Date "1999.02.28"]
[Round "9"]
[White "Gruenberg, Hans Ulrich"]
[Black "Wegener, Dirk"]
[Result "0-1"]
[WhiteElo "2455"]
[BlackElo "2305"]

1.d4 Nf6 2.c4 g6 3.Nc3 Bg7 4.e4 d6 5.Be2 O-O 6.Nf3 e5 7.O-O Nc6 8.Be3 Ng4
9.Bg5 f6 10.Bh4 Qe8 11.h3 Nh6 12.Qd2 exd4 13.Nb5 Rf7 14.Rfe1 f5 15.Bd3 f4
16.Bf1 a6 17.Nbxd4 Nxd4 18.Nxd4 Qe5 19.Rad1 Qh5 20.Nf3 Bxh3 21.Ng5 Qxh4 22.Nxf7 Nxf7
23.gxh3 Ng5 24.Qd5+ Kh8 25.Rd3 Be5 26.Qxb7 Rf8 27.Qb3 f3 28.Ree3 Qf4  0-1

[Event "AUT-chT2M 9899"]
[Site "Austria"]
[Date "1999.02.28"]
[Round "9"]
[White "Hackbarth, Wolfgang"]
[Black "Knoll, Hermann"]
[Result "0-1"]
[WhiteElo "2190"]
[BlackElo "2325"]

1.c4 Nf6 2.d4 g6 3.Nc3 Bg7 4.e4 d6 5.Nf3 O-O 6.Be2 e5 7.O-O Nc6 8.d5 Ne7
9.Ne1 Nd7 10.Be3 f5 11.f3 f4 12.Bf2 g5 13.g4 fxg3 14.hxg3 Ng6 15.Nd3 Nf6
16.Kg2 h6 17.Rh1 Rf7 18.c5 Bd7 19.b4 Qe7 20.b5 b6 21.c6 Bc8 22.Nb4 Qf8 23.Be3 Nh7
24.Qd2 Bf6 25.a4 Qg7 26.a5 Nf4+ 27.Kf2 g4 28.axb6 cxb6 29.Bf1 Ng5 30.Ra3 Nxf3
31.Qc1 Bg5 32.Nd3 Nh3+ 33.Kg2 Nd4 34.Be2 Qg6 35.Qd2 Nxb5 36.Nxb5 Qxe4+ 37.Kh2 Bxe3
38.Nxd6 Qd4 39.Qc2 Bg1+  0-1